Les confessions de Saint Augustin / (Record no. 20482)

MARC details
000 -LEADER
campo de control de longitud fija 00842nam a2200229 i 4500
001 - NÚMERO DE CONTROL
campo de control 20482
003 - IDENTIFICADOR DE NÚMERO DE CONTROL
campo de control ES-MaACL
005 - FECHA Y HORA DE LA ÚLTIMA TRANSACCIÓN
campo de control 20250927102847.0
007 - CAMPO FIJO DE DESCRIPCIÓN FÍSICA--INFORMACIÓN GENERAL
campo de control de longitud fija t|
008 - DATOS DE LONGITUD FIJA--INFORMACIÓN GENERAL
campo de control de longitud fija 021113q1913 fr ||||1| fre d
080 ## - NÚMERO DE LA CLASIFICACIÓN DECIMAL UNIVERSAL
Número de la Clasificación Decimal Universal 276(Agustin)
100 0# - ENTRADA PRINCIPAL--NOMBRE DE PERSONA
Nombre de persona Agustín
Títulos y otros términos asociados al nombre Santo, Obispo de Hipona.
9 (RLIN) 125563
245 14 - MENCIÓN DEL TÍTULO
Título Les confessions de Saint Augustin /
Mención de responsabilidad, etc. traduction française d'Arnauld d'Andilly ; revue et adaptés pour le première fois au texte latin par M. Charpentier.
260 ## - PUBLICACIÓN, DISTRIBUCIÓN, ETC.
Lugar de publicación, distribución, etc. Paris :
Nombre del editor, distribuidor, etc. Grarnier Freres,
Fecha de publicación, distribución, etc. [1913?]
300 ## - DESCRIPCIÓN FÍSICA
Extensión XXXVI, 602 p. ;
Dimensiones 10 cm.
490 1# - MENCIÓN DE SERIE
Mención de serie Bibliothèque Latine-Française
700 1# - ENTRADA AGREGADA--NOMBRE PERSONAL
Nombre de persona Arnaud d'Andilly, Robert (
Fechas asociadas al nombre 1588-1674)
9 (RLIN) 125710
700 1# - ENTRADA AGREGADA--NOMBRE PERSONAL
Nombre de persona Charpentier, Jean-Pierre,
Fechas asociadas al nombre 1797-1878
9 (RLIN) 38109
830 0# - PUNTO DE ACCESO ADICIONAL DE SERIE-TÍTULO UNIFORME
Título uniforme Bibliothèque Latine-Française
9 (RLIN) 188147
852 ## - LOCALIZACIÓN
Ubicación ES-MaACL
Número de control de estantería G-626
Holdings
Estatus retirado Estado de pérdida Estado de daño No para préstamo Biblioteca de origen Biblioteca actual Ubicación en estantería Fecha de adquisición Fuente de adquisición Total de préstamos Signatura topográfica completa Código de barras Visto por última vez Precio de reemplazo Tipo de ítem Koha
        Biblioteca del Ateneo de Madrid Biblioteca del Ateneo de Madrid Depósito 2 17/01/2008     G-626 1021025 23/02/2023 23/02/2023 Libro impreso